| 000 | 00436cam a22001693a 4500 | ||
|---|---|---|---|
| 001 | 0000767 | ||
| 003 | DO-SdBNP | ||
| 005 | 20180207102604.0 | ||
| 008 | 180207b xxu||||| |||| 00| 0 spa d | ||
| 020 | _a843051208X | ||
| 040 |
_aBPMSU _bspa _cBPMSU |
||
| 100 | 1 | _aSeco, Luis I. | |
| 245 | 1 | 0 | _aSanta Catalina de Siena / |
| 260 |
_aMadrid, EspaƱa : _bSusaeta ediciones, _c1981. |
||
| 942 |
_2ddc _cBK |
||
| 945 | _ainventariado, 2018 / dg | ||
| 999 |
_c11747 _d11747 |
||